00695nam a2200241 a 4500001001300000003000900013005001700022008004100039020002300080082001600103100001800119245002500137260003300162300000800195500003500203505002400238650002200262700001800284902000800302942000700310952011900317999001700436nice12345678IN_TiNIC20260116015004.0050524s1976 onta grp 000 0 eng  a0836137 c10000a269.2bZOR1 aZorilla, Hugo aGood News of Justice aOntariobHerald Press c1976 a87p aincludes index and biblioraphy2 aBibliography, Index aEvangelistic Work1 aZorilla, Hugo bSRS cBK 001040708StackRoom-aHMIbHMId2007-07-16g100.00l0o269.2 ZOR1p11001521r2007-07-16v100.00w2005-05-24yBK c17851d17851